K dvojznačnosti pojmu zodpovednosť

Úvaha nad troma kapitolami aktuálnej práce Podoby zodpovednosti, ktorá vychádza z analýzy kľúčového fenoménu egalitárnej autonómie v kontexte Tugendhatovej a v jednom prípade aj Nietzscheho filozofie.

Gespeichert in:
Bibliographische Detailangaben
1. Verfasser: Muránsky, Martin
Format: Buchkapitel
Sprache:Slowakisch
Schlagworte:
Tags: Tag hinzufügen
Keine Tags, Fügen Sie das erste Tag hinzu!

MARC

LEADER 00000naa a2200000 4500
001 0254601
005 20190606111342.5
041 0 |a slo 
044 |a SK 
245 1 0 |a K dvojznačnosti pojmu zodpovednosť  |c Martin Muránsky 
520 |a Úvaha nad troma kapitolami aktuálnej práce Podoby zodpovednosti, ktorá vychádza z analýzy kľúčového fenoménu egalitárnej autonómie v kontexte Tugendhatovej a v jednom prípade aj Nietzscheho filozofie. 
610 2 0 |a dejiny filozofie 
610 2 0 |a liberalizmus 
610 2 0 |a spravodlivosť 
610 2 0 |a veda ekonomická 
610 2 0 |a zodpovednosť 
610 2 0 |a pojmy 
100 1 |a Muránsky, Martin